000 00498nam a2200169Ia 4500
999 _c15739
_d15739
003 OSt
005 20200606115832.0
008 190216s9999||||xx |||||||||||||| ||und||
040 _cMESKC library
082 _a891.431
_bAGR/G
100 _aAgrawal, Kedarnath
_9316
245 0 _aKhuli Aankhen: Khule Daine /
_cKedarnath Agrawal
260 _bParimal Prakashan,
_aAllahabad:
_c1993.
300 _a112p
650 _aHindi
942 _cBK
_2ddc
_h891.431
_iAGR/G
_k891.431
_mAGR/G